Russian Words (A2) - Statistics

General Stats
  • This quiz has been taken 11 times
  • The average score is 16 of 63
Answer Stats
Hint Answer % Correct
I Я
100%
Hi Привет
83%
Milk Молоко
83%
Water Вода
83%
You Ты
83%
We Мы
83%
Not Не
83%
To eat Есть
67%
Yes Да
67%
No Нет
67%
How Как
67%
There Там
67%
To speak Говорить
50%
Juice Сок
50%
Moscow (A) Москва
50%
Hello Здравствуйте
33%
I can Могу
33%
Apple Яблоко
33%
House Дома
33%
Everything Всё
33%
Why Почему
33%
Mom Мама
33%
Where is Где
33%
Tiger Тигра
17%
Doctor Доктор
17%
Engineer Инженер
17%
Great! Отлично
17%
Please Пожалуйста
17%
Thanks Спасибо
17%
Excuse me Извините
17%
Maybe/Is it possible Может
17%
Can I Можно
17%
Of course Конечно
17%
Market Рынок
17%
Price Цена
17%
When Когда
17%
Toilet Туалет
17%
Today Сегодня
17%
To want Хочешь
0%
Elephant Слон
0%
Here Вот
0%
Student Студент
0%
Backpack Рюкзак
0%
Money Деньги
0%
Expensive Дорого
0%
Lunch Обед
0%
Breakfast Завтрак
0%
Tour Четыре
0%
Three Три
0%
Two Два
0%
To live Жить
0%
Five Пять
0%
Good (Adjective ends in й) Хороший
0%
Fast / Quickly Быстро
0%
Hotel Отель
0%
Restaurant Ресторан
0%
Beach Пляж
0%
Pool Бассейн
0%
Russian Русский
0%
London Лондон
0%
Haha Хаха
0%
Coffee Кофе
0%
Номер
0%
No matching quizzes found
Score Distribution
Percent of People with Each Score
Percentile by Number Answered
Your Score History
You have not taken this quiz